| 000 | 00346nam a2200109 4500 | ||
|---|---|---|---|
| 008 | 240223b |||||||| |||| 00| 0 eng d | ||
| 022 | _a13911201 | ||
| 245 | _aDialogue-Vol. xxxiv | ||
| 246 |
_aThe Political of Language : A Spectrum of perspectives on fifty years of Sinhala only in Sri Lanka : 1956-2006 _bNew series |
||
| 260 | _c2007 | ||
| 942 | _cCR | ||
| 999 |
_c4807 _d4807 |
||